00858nam a22002057a 450000500170000001000150001702000270003203500140005903700130007310000190008624501480010526000370025327000920029030000310038250000490041370000140046294200280047699900190050495201290052320170421124850.0 aENG-117903 c2180.00a9788184845341 aEN-101435 bDBAD/PUB aSharma,Kalpana aWTO and India's exports :cby Kalpana Sharma [and] Nar Singhbperformance,policy measures and challenges of productivity and competitiveness /  aNew DelhibRahul Composersc2016 aNew Highway Apartments, Lakshmi Niwas 760,Pocket-D, Lok Nayak Puram,bNew Delhie110041 axii,513p.:c22cm(Hb)bill. aincludes bibliograpical reference and index aNar Singh 2ddccENh338.10954mSHA c139182d139182 001040718NFICaDBADbBNd2017-04-21eDBAD/PUB.g2180.00l0o338.10954 SHApEN-101435r2017-04-21 00:00:00t1v2180.00yEN